| 000 | 00554nam a2200181 i 4500 | ||
|---|---|---|---|
| 001 | 3674 | ||
| 003 | ES-MaACL | ||
| 005 | 20250902073146.0 | ||
| 008 | 200220s1967 sp |||| | spa d | ||
| 245 | 0 | 0 | _aCódigo de la circulación. |
| 260 |
_aMadrid : _bGarcía Enciso, _c1967. |
||
| 300 |
_a294 p. ; _cil. col., grab. ; _c16 cm. |
||
| 490 | 1 | _aColección "García Enciso" | |
| 650 | 4 |
_aTráfico- _vLegislación- _zEspaña. _9168806 |
|
| 830 | 0 | 0 |
_aColección "García Enciso" _9176884 |
| 852 |
_aES-MaACL _jP-1332-20 |
||
| 999 |
_c3674 _d3674 |
||